Vista normal
Vista MARC
- POESÍAS COSTUMBRISTAS
Entrada Topical Term
Número de registros utilizados en: 1
001 - CONTROL NUMBER
- control field: 37435
003 - CONTROL NUMBER IDENTIFIER
- control field: OSt
005 - DATE AND TIME OF LATEST TRANSACTION
- control field: 20170127125620.0
008 - FIXED-LENGTH DATA ELEMENTS
- fixed length control field: 170127|| aca||aabn | a|a d
040 ## - CATALOGING SOURCE
- Original cataloging agency: OSt
- Transcribing agency: OSt
150 ## - HEADING--TOPICAL TERM
- Topical term or geographic name entry element: POESÍAS COSTUMBRISTAS
670 ## - SOURCE DATA FOUND
- Source citation: Work cat.: (OSt)5246: Guzmán Murillo, Gerardo 37433, Ticos ayer y hoy, 2005